| 000 | 01042nam a22001817a 4500 | ||
|---|---|---|---|
| 005 | 20120215111148.0 | ||
| 020 |
_a8181466259 _c115.00 |
||
| 082 | _aक | ||
| 100 |
_aचड्ढा, राधिका _942033 |
||
| 245 |
_aमल्लिपू,कहाँ है तू? / _cराधिका चड्ढा;प्रिया कुरियन द्वारा चित्रांकित;दीया नायर द्वारा अनुदित |
||
| 260 |
_aचैन्नई _bतूलिका पब्लिशिंग _c2008 |
||
| 270 |
_a13, पृथ्वी ऐवन्यु,अभिरमपुरम _bचैन्नई _e600018 |
||
| 300 |
_aअ.पृ _bसचित्र _c18सेमी (अजिल्द) |
||
| 700 |
_aकुरियन, प्रिया _942026 |
||
| 700 |
_aनायर, दीया _942032 |
||
| 942 |
_2ddc _cCH _hक _mचड्ढारा |
||
| 999 |
_c62805 _d62805 |
||